[Event "34th Chess Olympiad (men)"]
[Site "Istanbul"]
[Date "2000.11.01"]
[Round "5.1.1"]
[White "Gelfand, Boris"]
[Black "Jussupow, Artur"]
[WhiteElo "2681"]
[BlackElo "2610"]
[WhiteCountry "ISR"]
[BlackCountry "GER"]
[Result "1/2-1/2"]

1. e4 e5 2. Nf3 Nf6 3. Nxe5 d6 4. Nf3 Nxe4 5. d4 d5 6. Bd3 Nc6 7. O-O Be7 
8. c4 Nf6 9. h3 Nb4 10. Be2 dxc4 11. Bxc4 O-O 12. Nc3 Nbd5 13. Re1 c6 
14. Qb3 Nb6 15. Bd3 Be6 16. Qc2 h6 17. a3 Nbd5 18. Bd2 Rc8 19. Na4 Rc7 
20. Re2 Bd6 21. Rae1 Nh5 22. Bh7+ Kh8 23. Bf5 Nhf4 24. Bxf4 Nxf4 25. Re3 Nd5 
26. R3e2 Nf4 27. Re3 
1/2-1/2

[Event "34th Chess Olympiad (men)"]
[Site "Istanbul"]
[Date "2000.11.01"]
[Round "5.1.3"]
[White "Avrukh, Boris"]
[Black "Dautov, Rustem"]
[WhiteElo "2625"]
[BlackElo "2606"]
[WhiteCountry "ISR"]
[BlackCountry "GER"]
[Result "0-1"]

1. d4 d5 2. c4 c6 3. Nc3 Nf6 4. e3 a6 5. Nf3 b5 6. b3 Bg4 7. Be2 Nbd7 8. O-O e6 
9. Bb2 Bd6 10. Ne5 Bxe2 11. Nxe2 Qc7 12. cxd5 cxd5 13. Rc1 Qb8 14. f4 O-O 
15. Rc6 Rc8 16. Qc2 Rxc6 17. Qxc6 Ra7 18. Rc1 Nb6 19. Qc2 Rc7 20. Qd1 Qc8 
21. Rxc7 Qxc7 22. Qc1 Qxc1+ 23. Nxc1 Ne4 24. Ncd3 Kf8 25. Kf1 Ke8 26. Ke2 f6 
27. Nf3 a5 28. Nd2 a4 29. Nf2 a3 30. Nfxe4 dxe4 31. Bc1 f5 32. Nb1 b4 
33. Nd2 g5 34. g3 Nd5 35. Nc4 Bc7 36. Bd2 Kf7 37. Kf2 Kg6 38. Kg2 h5 
39. h4 gxh4 40. gxh4 Kf7 41. Kf2 Bd8 42. Kg3 Be7 43. Kh3 Ke8 44. Be1 Kd7 
45. Bd2 Kc7 46. Be1 Kb7 47. Bd2 Kc6 48. Ne5+ Kb5 49. Nc4 Nc3 50. Nxa3+ bxa3 
51. Bxc3 Bb4 52. Bxb4 Kxb4 53. Kg3 Kc3 54. Kf2 Kb2 55. b4 Kxa2 56. b5 Kb3 
57. b6 a2 58. b7 a1Q 59. b8Q+ Kc3 60. Qc8+ Kd2 61. Qxe6 Qe1+ 62. Kg2 Qe2+ 
63. Kh1 Qf1+ 64. Kh2 Qf2+ 65. Kh1 Qxh4+ 66. Kg2 Qg4+ 67. Kh2 Kxe3 68. Qb3+ Kxd4 
69. Qb6+ Kd3 70. Qb1+ Ke2 71. Qc2+ Kf3 
0-1

[Event "34th Chess Olympiad (men)"]
[Site "Istanbul"]
[Date "2000.11.01"]
[Round "5.1.4"]
[White "Bischoff, Klaus"]
[Black "Huzman, Alexander"]
[WhiteElo "2556"]
[BlackElo "2574"]
[WhiteCountry "GER"]
[BlackCountry "ISR"]
[Result "1-0"]

1. d4 d5 2. c4 c6 3. Nc3 Nf6 4. e3 a6 5. Qc2 b5 6. b3 e6 7. Nf3 Nbd7 8. Bb2 Be7 
9. Bd3 Bb7 10. c5 Qb8 11. Ne2 Bd8 12. h3 Bc7 13. b4 a5 14. a3 O-O 15. O-O Re8 
16. Bc3 e5 17. dxe5 Nxe5 18. Nxe5 Bxe5 19. Nd4 a4 20. Qb2 Nd7 21. f4 Bf6 
22. Rae1 Qc7 23. g4 Bxd4 24. Bxd4 f6 25. h4 Re7 26. g5 Rf8 27. Qc2 g6 
28. Re2 Rff7 29. Rg2 Kf8 30. Qb2 fxg5 31. Rxg5 Ke8 32. h5 Nf8 33. hxg6 hxg6 
34. Qg2 Bc8 35. Be5 Qa7 36. e4 Be6 37. Bd6 Rd7 38. Bxf8 Rxf8 39. Rxg6 Bf7 
40. Rg5 Qc7 41. e5 Re7 42. Qg3 d4 43. Rd1 Qd7 44. f5 
1-0

[Event "34th Chess Olympiad (men)"]
[Site "Istanbul"]
[Date "2000.11.01"]
[Round "5.3.3"]
[White "Pelletier, Yannick"]
[Black "Baklan, Vladimir"]
[WhiteElo "2474"]
[BlackElo "2599"]
[WhiteCountry "SUI"]
[BlackCountry "UKR"]
[Result "1/2-1/2"]

1. d4 Nf6 2. Nf3 e6 3. c4 b6 4. Nc3 Bb4 5. e3 Bb7 6. Bd2 O-O 7. Bd3 d5 
8. cxd5 exd5 9. Rc1 a6 10. Ne2 Bd6 11. Ng3 Re8 12. Nf5 Bf8 13. Ne5 c5 
14. O-O Nc6 15. Nxc6 Bxc6 16. dxc5 bxc5 17. b4 c4 18. Bc2 Ne4 19. Nd4 Bd7 
20. Bxe4 Rxe4 21. Bc3 Rb8 22. Ne2 Be6 23. Ng3 Rh4 24. f4 Bc8 25. Qd2 Rh6 
26. Rfd1 Qh4 27. Nf1 Rg6 28. Ng3 Rh6 29. Nf1 Rg6 30. Ng3 Rh6 
1/2-1/2

[Event "34th Chess Olympiad (men)"]
[Site "Istanbul"]
[Date "2000.11.01"]
[Round "5.3.4"]
[White "Malakhatko, Vadim"]
[Black "Jenni, Florian"]
[WhiteElo "2568"]
[BlackElo "2440"]
[WhiteCountry "UKR"]
[BlackCountry "SUI"]
[Result "0-1"]

1. d4 Nf6 2. c4 g6 3. Nc3 Bg7 4. e4 d6 5. Nf3 O-O 6. Be2 e5 7. O-O Nc6 
8. d5 Ne7 9. b4 Nh5 10. Re1 f5 11. Ng5 Nf6 12. Bf3 c6 13. Be3 h6 14. Ne6 Bxe6 
15. dxe6 fxe4 16. Nxe4 Nxe4 17. Bxe4 d5 18. cxd5 cxd5 19. Bc2 b6 20. Ba4 Qd6 
21. Bd7 Qxb4 22. Rb1 Qh4 23. f3 Rf5 24. Bf2 Qf6 25. Bg3 h5 26. h3 Rf8 
27. Kh1 Qg5 28. Bh2 e4 29. fxe4 Rf2 30. Rg1 dxe4 31. Rb5 R8f5 32. Qa4 e3 
33. h4 Qf6 34. Qe4 e2 35. Rb3 Qd4 36. Re3 Qxe4 37. Rxe4 Bc3 38. Bd6 Kf8 
39. Kh2 Rd5 
0-1

[Event "34th Chess Olympiad (men)"]
[Site "Istanbul"]
[Date "2000.11.01"]
[Round "5.5.1"]
[White "Shirov, Alexei"]
[Black "Van, Wely Loek"]
[WhiteElo "2746"]
[BlackElo "2643"]
[WhiteCountry "ESP"]
[BlackCountry "NED"]
[Result "1-0"]

1. e4 c5 2. Nf3 d6 3. d4 cxd4 4. Nxd4 Nf6 5. Nc3 a6 6. Be3 e6 7. g4 e5 
8. Nf5 g6 9. g5 gxf5 10. exf5 d5 11. Qf3 d4 12. O-O-O Nbd7 13. Bd2 Qc7 
14. gxf6 dxc3 15. Bxc3 Qc6 16. Qg3 Qxh1 17. Bg2 Bh6+ 18. Bd2 Bxd2+ 
19. Kxd2 Qxg2 20. Qxg2 a5 21. f4 exf4 22. Qg7 Rf8 23. Re1+ Kd8 24. Re7 Kc7 
25. Qxf8 
1-0

[Event "34th Chess Olympiad (men)"]
[Site "Istanbul"]
[Date "2000.11.01"]
[Round "5.5.4"]
[White "Nijboer, Friso"]
[Black "Gomez Esteban, Mario"]
[WhiteElo "2537"]
[BlackElo "2505"]
[WhiteCountry "NED"]
[BlackCountry "ESP"]
[Result "1-0"]

1. e4 e5 2. Nf3 Nc6 3. Bb5 Nf6 4. O-O Nxe4 5. d4 Nd6 6. Bxc6 dxc6 7. dxe5 Nf5 
8. Qxd8+ Kxd8 9. Nc3 h6 10. h3 Ke8 11. Ne4 c5 12. g4 Nd4 13. Nxd4 cxd4 
14. Rd1 h5 15. f3 hxg4 16. hxg4 c5 17. c3 Be6 18. cxd4 Bd5 19. Be3 Bxe4 
20. fxe4 cxd4 21. Bxd4 Rh4 22. Kg2 Rxg4+ 23. Kf3 Rg6 24. Be3 Rc6 25. Rd5 Be7 
26. Rh1 b6 27. Rh8+ Bf8 28. Bd2 a5 29. b4 f6 30. bxa5 bxa5 31. exf6 Rxf6+ 
32. Ke2 Kf7 33. Rd7+ Kg6 34. Bc3 Rf7 35. Rd1 Rf2+ 36. Kxf2 Bc5+ 37. Kg3 Rxh8 
38. Rd7 Rg8 39. Kg4 Bb4 40. Bb2 Rc8 41. Rxg7+ Kh6 42. Ra7 Rc2 43. Bd4 Rc4 
44. Be3+ Kg6 45. Ra6+ Kf7 46. Kf5 Rc3 47. Ra7+ Ke8 48. Bg5 Rc2 49. e5 Rxa2 
50. e6 Rf2+ 51. Kg6 
1-0

[Event "34th Chess Olympiad (men)"]
[Site "Istanbul"]
[Date "2000.11.01"]
[Round "5.6.2"]
[White "Hodgson, Julian M"]
[Black "Ilincic, Zlatko"]
[WhiteElo "2640"]
[BlackElo "2563"]
[WhiteCountry "ENG"]
[BlackCountry "YUG"]
[Result "1-0"]

1. d4 Nf6 2. Bg5 Ne4 3. Bf4 c5 4. f3 Qa5+ 5. c3 Nf6 6. d5 e6 7. e4 exd5 
8. e5 Ng8 9. Qxd5 Ne7 10. Qe4 Ng6 11. Bg3 Qb6 12. b3 Qc6 13. Nd2 Qxe4+ 
14. Nxe4 Nc6 15. f4 h5 16. Nf3 h4 17. f5 hxg3 18. fxg6 fxg6 19. O-O-O gxh2 
20. Nd6+ Bxd6 21. exd6 Nd8 22. Bd3 b6 23. Bxg6+ Kf8 24. Nxh2 Kg8 25. Ng4 Rxh1 
26. Rxh1 Nb7 27. Rd1 Nd8 28. Ne5 Bb7 29. Rh1 Bxg2 30. Rh2 Bd5 31. Bh7+ Kf8 
32. Rf2+ Nf7 33. Nxf7 
1-0

[Event "34th Chess Olympiad (men)"]
[Site "Istanbul"]
[Date "2000.11.01"]
[Round "5.6.4"]
[White "Emms, John M"]
[Black "Solak, Dragan"]
[WhiteElo "2527"]
[BlackElo "2490"]
[WhiteCountry "ENG"]
[BlackCountry "YUG"]
[Result "1/2-1/2"]

1. e4 c5 2. Nf3 e6 3. c3 Nf6 4. e5 Nd5 5. d4 cxd4 6. cxd4 d6 7. Bc4 Bd7 
8. Bxd5 exd5 9. O-O dxe5 10. Nxe5 Nc6 11. Nc3 Be6 12. Nxc6 bxc6 13. Be3 Bd6 
14. Ne2 Qc7 15. h3 O-O 16. Qd2 a5 17. Bf4 Rfb8 18. Rfc1 Bd7 19. Rc3 Rb4 
20. Bxd6 
1/2-1/2

[Event "34th Chess Olympiad (men)"]
[Site "Istanbul"]
[Date "2000.11.01"]
[Round "5.7.2"]
[White "Ovezov, Artek"]
[Black "Minasian, Artashes"]
[WhiteElo "2366"]
[BlackElo "2595"]
[WhiteCountry "TKM"]
[BlackCountry "ARM"]
[Result "0-1"]

1. d4 g6 2. e3 Bg7 3. f4 d5 4. Bd3 c5 5. c3 Nh6 6. Nf3 O-O 7. b3 Qc7 8. O-O Bf5 
9. Ba3 cd4 10. cd4 Nd7 11. Qd2 Nf6 12. Rc1 Qd8 13. Nc3 Bd3 14. Qd3 Nf5 
15. Ne5 Nd6 16. Bd6 Qd6 17. Qb5 Rfb8 18. b4 a6 19. Qc5 Qe6 20. b5 Rc8 
21. Qb4 Nd7 22. ba6 ba6 23. Nd7 Qe3+ 24. Kh1 Bd4 25. Re1 Qc3 26. Qe7 Re8 
27. Qe8+ Re8 28. Re8+ Kg7 29. Rae1 Bf2 30. Rb1 Be3 31. f5 gf5 32. Re5 Qd3 
33. Re1 d4 34. Nc5 Qc2 35. Na6 Qf2 36. Rb1 
0-1

[Event "34th Chess Olympiad (men)"]
[Site "Istanbul"]
[Date "2000.11.01"]
[Round "5.7.4"]
[White "Odeev, Handszar"]
[Black "Sargissian, Gabriel"]
[WhiteElo "2442"]
[BlackElo "2474"]
[WhiteCountry "TKM"]
[BlackCountry "ARM"]
[Result "1/2-1/2"]

1. e4 c6 2. d4 d5 3. Nd2 de4 4. Ne4 Nd7 5. Ng5 Ngf6 6. Bd3 e6 7. N1f3 Bd6 
8. Qe2 h6 9. Ne4 Ne4 10. Qe4 Qc7 11. Qg4 Kf8 12. O-O c5 13. Qh4 b6 14. Be4 Rb8 
15. Rd1 c4 16. Ne5 Nf6 17. Bf3 Bb7 18. Bb7 Rb7 19. Bf4 Nd5 20. Bg3 Be5 
21. Be5 Qd7 22. Re1 f6 23. Bg3 Kf7 24. Re2 b5 25. Rae1 Rb6 26. Qe4 a5 
27. a3 Ra6 28. Bf4 b4 29. ab4 ab4 30. h3 h5 31. Bc1 g6 32. Rd1 Ra1 33. Ree1 Re8 
34. Qf3 Rb1 35. g4 hg4 36. hg4 Rh8 37. Kg2 Qc6 38. Rh1 Rh1 39. Kh1 b3 
40. c3 Ne7 41. d5 ed5 42. Re1 Qd7 43. Qh3 Kg8 44. Kg2 g5 45. Qh5 Ra1 46. Rh1 d4 
47. Qh8+ Kf7 48. Qh7+ Kf8 49. Qh6+ Kf7 50. Qh7+ Kf8 51. Qh6+ Kf7 52. Qh7+ Kf8 
53. Qh6+ Kf7 54. Qh7+ 
1/2-1/2

[Event "34th Chess Olympiad (men)"]
[Site "Istanbul"]
[Date "2000.11.01"]
[Round "5.8.1"]
[White "Ftacnik, Lubomir"]
[Black "Zaw, Win"]
[WhiteElo "2608"]
[BlackElo "2578"]
[WhiteCountry "SVK"]
[BlackCountry "MYA"]
[Result "1-0"]

1. d4 Nf6 2. Nf3 e6 3. c4 b6 4. Nc3 Bb7 5. Bg5 Be7 6. Qc2 d5 7. cxd5 exd5 
8. e3 O-O 9. Bd3 Nbd7 10. O-O-O Re8 11. h4 Nf8 12. Ne5 a6 13. f4 N6d7 
14. Qb3 Nxe5 15. dxe5 c6 16. e4 Bxg5 17. hxg5 d4 18. Na4 b5 19. Nc5 Qb6 
20. Qc2 Ne6 21. Nxe6 Rxe6 22. Be2 c5 23. Bg4 c4 24. Qf2 d3 25. Qh4 Qe3+ 
26. Rd2 Bxe4 27. f5 c3 28. bxc3 
1-0

[Event "34th Chess Olympiad (men)"]
[Site "Istanbul"]
[Date "2000.11.01"]
[Round "5.8.2"]
[White "Aung, Aung"]
[Black "Stohl, Igor"]
[WhiteElo "2520"]
[BlackElo "2578"]
[WhiteCountry "MYA"]
[BlackCountry "SVK"]
[Result "0-1"]

1. d4 Nf6 2. c4 e6 3. Nf3 b6 4. Bg5 Bb7 5. e3 h6 6. Bh4 Be7 7. Nc3 Ne4 
8. Be7 Qe7 9. Qc2 Nc3 10. Qc3 O-O 11. Be2 c5 12. O-O d6 13. Nd2 Nd7 14. Bf3 Nf6 
15. Bb7 Qb7 16. Qb3 Rac8 17. Rac1 Rfd8 18. Rfd1 cd4 19. ed4 Rd7 20. Qa3 a5 
21. Qe3 d5 22. b3 Qc7 23. h3 a4 24. Rb1 ab3 25. ab3 Qc6 26. Ra1 Rcd8 
27. Ra6 dc4 28. Nc4 Nd5 29. Qg3 Qb7 30. Rda1 b5 31. Ra7 Qa7 32. Ra7 Ra7 
33. Ne5 Rc7 34. Qf3 b4 35. g4 Nc3 36. Nc6 Ne2+ 37. Qe2 Rc6 38. Qb5 Rcd6 
39. Qb4 Rd4 40. Qb5 Rc8 41. Kg2 Rdd8 42. Qb6 Rb8 43. Qc7 Rdc8 44. Qd7 Rf8 
45. Qd1 Rb4 46. h4 Rfb8 47. h5 Rb3 48. Qd7 Rc3 49. Qd4 Rc2 50. Qd7 Rbb2 
51. Qd8+ Kh7 52. Qd3+ f5 53. gf5 Rf2+ 54. Kg3 ef5 55. Qd7 Rg2+ 56. Kh3 Rg5 
57. Qe8 Rb1 58. Kh2 Rb4 59. Kh3 Rbg4 60. Qf7 Rh5+ 
0-1

[Event "34th Chess Olympiad (men)"]
[Site "Istanbul"]
[Date "2000.11.01"]
[Round "5.8.3"]
[White "Timoscenko, Genadij"]
[Black "Mynn, Htoo"]
[WhiteElo "2529"]
[BlackElo "2537"]
[WhiteCountry "SVK"]
[BlackCountry "MYA"]
[Result "1-0"]

1. d4 Nf6 2. c4 g6 3. Nc3 Bg7 4. e4 d6 5. Nf3 O-O 6. Be2 e5 7. O-O Nc6 
8. d5 Ne7 9. b4 Nh5 10. g3 Bh3 11. Re1 h6 12. Nh4 Nf6 13. Be3 g5 14. Ng2 a5 
15. bxa5 Rxa5 16. Bd2 Ra3 17. Qb1 Qc8 18. Nb5 Ra8 19. Bb4 Nd7 20. Qc2 b6 
21. a4 f5 22. f3 g4 23. fxg4 f4 24. Nh4 Bf6 25. Nf5 Bg5 26. gxf4 Nxf5 
27. gxf5 exf4 28. Qd3 
1-0

[Event "34th Chess Olympiad (men)"]
[Site "Istanbul"]
[Date "2000.11.01"]
[Round "5.8.4"]
[White "Htun, Lynn Kyaw"]
[Black "Markos, Jan"]
[WhiteElo "2475"]
[BlackElo "2327"]
[WhiteCountry "MYA"]
[BlackCountry "SVK"]
[Result "0-1"]

1. e4 c5 2. Nf3 Nc6 3. d4 cd4 4. Nd4 Nf6 5. Nc3 e5 6. Ndb5 d6 7. a4 a6 
8. Na3 Bg4 9. Be2 Be2 10. Qe2 d5 11. ed5 Nd5 12. O-O Nc3 13. bc3 Bc5 
14. Rd1 Qe7 15. Qg4 Rd8 16. Rd8+ Qd8 17. Be3 Ba3 18. Rd1 Qe7 19. Qc8+ Nd8 
20. Bb6 Bd6 21. Bd8 Qd8 22. Qb7 Qb8 23. Qa6 Ke7 24. Qd3 g6 25. Qh3 Qc7 
26. Qh4+ f6 27. Qh6 Kf7 28. g3 Ke6 29. Qd2 Rd8 30. Qd5+ Ke7 31. Rb1 Bc5 
32. Qf3 Rd7 33. Rb5 Qd6 34. Kg2 f5 35. Qa8 Kf6 36. Qh8+ Kg5 37. h4+ Kh6 
38. Rb1 Rd8 
0-1

[Event "34th Chess Olympiad (men)"]
[Site "Istanbul"]
[Date "2000.11.01"]
[Round "5.9.2"]
[White "Macieja, Bartlomiej"]
[Black "Agrest, Evgenij"]
[WhiteElo "2536"]
[BlackElo "2554"]
[WhiteCountry "POL"]
[BlackCountry "SWE"]
[Result "1/2-1/2"]

1. d4 Nf6 2. Nf3 e6 3. Bg5 h6 4. Bh4 b6 5. Nbd2 Bb7 6. e3 Be7 7. Bd3 d5 
8. Ne5 a6 9. f4 c5 10. c3 Nc6 11. O-O b5 12. f5 ef5 13. Rf5 Ne5 14. Re5 Qb6 
15. Qf3 c4 16. Bc2 g5 17. Bg3 Nd7 18. Rf5 f6 19. Rd5 Kf8 20. Be4 Bd5 
21. Bd5 Rd8 22. Qh5 Ne5 23. e4 Kg7 24. Be5 Rd5 25. Bf6+ Bf6 26. ed5 Bd4+ 
27. Kh1 Bf6 28. Ne4 Rf8 29. Qg4 Qe3 30. Qe6 Bd8 31. h3 Qf4 32. Rd1 Qe3 
33. Qg4 Bb6 34. Ng3 Kh8 35. Qe6 Qe6 36. de6 Re8 37. Nf5 Re6 38. g4 Bc7 
39. Rd2 Bf4 40. Rc2 h5 41. Kg2 hg4 42. hg4 Re1 43. b3 cb3 44. ab3 
1/2-1/2

[Event "34th Chess Olympiad (men)"]
[Site "Istanbul"]
[Date "2000.11.01"]
[Round "5.9.3"]
[White "Akesson, Ralf"]
[Black "Socko, Bartosz"]
[WhiteElo "2486"]
[BlackElo "2528"]
[WhiteCountry "SWE"]
[BlackCountry "POL"]
[Result "0-1"]

1. d4 Nf6 2. c4 g6 3. Nc3 Bg7 4. e4 d6 5. h3 O-O 6. Bg5 c6 7. Nf3 e5 8. d5 a5 
9. Nd2 Na6 10. a3 Bd7 11. Be2 Qb8 12. O-O cxd5 13. cxd5 b5 14. f4 Nc7 
15. fxe5 dxe5 16. Kh1 Nce8 17. Qb3 h6 18. Bh4 g5 19. Bg3 Nd6 20. Rf2 Nfe8 
21. Raf1 b4 22. Nd1 Nc7 23. Ne3 Ncb5 24. Bd3 Nd4 25. Qd1 bxa3 26. bxa3 f6 
27. Ndc4 Nxc4 28. Nxc4 Bb5 29. Rb2 Qc7 30. Ne3 Qc3 31. Rxb5 Nxb5 32. Nf5 Nd4 
33. Ne7+ Kh7 34. d6 Qxa3 35. Rf3 Qxd6 36. Nd5 Nxf3 37. Qxf3 a4 38. Bc4 a3 
39. Ba2 Rfb8 40. Qf5+ Kh8 
0-1

[Event "34th Chess Olympiad (men)"]
[Site "Istanbul"]
[Date "2000.11.01"]
[Round "5.10.2"]
[White "Xu, Jun"]
[Black "Magai, Vladimir"]
[WhiteElo "2668"]
[BlackElo "2546"]
[WhiteCountry "CHN"]
[BlackCountry "KGZ"]
[Result "1-0"]

1. Nf3 Nf6 2. c4 g6 3. Nc3 Bg7 4. e4 d6 5. d4 O-O 6. Be2 e5 7. O-O Nc6 
8. d5 Ne7 9. b4 Nh5 10. Re1 a5 11. bxa5 Rxa5 12. Nd2 Nf4 13. Bf1 c5 14. a4 Ra6 
15. Ra3 Nh5 16. Nb5 Nf6 17. g3 Nd7 18. Bb2 f5 19. f4 g5 20. fxg5 f4 21. Bh3 Nb6 
22. Bxc8 Nexc8 23. a5 Nd7 24. Qg4 Rxa5 25. Rxa5 Qxa5 26. Bc3 Qd8 27. Ra1 Ndb6 
28. Ba5 fxg3 29. hxg3 Qe7 30. Qe6+ Qxe6 31. dxe6 Re8 32. Nc7 Re7 33. Bxb6 Nxb6 
34. Nd5 Nxd5 35. exd5 
1-0

[Event "34th Chess Olympiad (men)"]
[Site "Istanbul"]
[Date "2000.11.01"]
[Round "5.10.3"]
[White "Yurtaev, Leonid"]
[Black "Peng, Xiaomin"]
[WhiteElo "2552"]
[BlackElo "2657"]
[WhiteCountry "KGZ"]
[BlackCountry "CHN"]
[Result "1/2-1/2"]

1. e4 e5 2. Nf3 Nc6 3. Bb5 a6 4. Ba4 Nf6 5. Nc3 b5 6. Bb3 Be7 7. a4 b4 
8. Nd5 O-O 9. Nxf6+ Bxf6 10. c3 Rb8 11. O-O d6 12. a5 Ne7 13. d3 bxc3 
14. bxc3 c5 15. Qc2 Nc6 16. Bd5 Qc7 17. Nd2 Rb5 18. Nc4 Nxa5 19. Nxa5 Rxa5 
20. Rb1 Rb5 21. Bd2 Be6 22. Bxe6 fxe6 23. Qa2 Qc8 24. c4 Rb7 25. Qa4 Qa8 
26. Ra1 Be7 27. Qd1 Ra7 28. Qg4 Qc8 29. Rfb1 Qd7 30. h4 Bd8 31. h5 a5 32. h6 g6 
33. Rb5 Qf7 34. Be3 Bc7 35. Qd1 Qf6 36. Rab1 Bd8 37. Qa4 Qf7 38. Rb8 Qc7 
39. g3 Be7 40. R8b6 Bd8 41. Rb8 Be7 
1/2-1/2

[Event "34th Chess Olympiad (men)"]
[Site "Istanbul"]
[Date "2000.11.01"]
[Round "5.10.4"]
[White "Ni, Hua"]
[Black "Inarkiev, Ernesto"]
[WhiteElo "2490"]
[BlackElo "2432"]
[WhiteCountry "CHN"]
[BlackCountry "KGZ"]
[Result "1/2-1/2"]

1. e4 c5 2. Nf3 Nc6 3. c3 Nf6 4. e5 Nd5 5. d4 cxd4 6. Bc4 e6 7. Bxd5 exd5 
8. O-O d6 9. cxd4 Be6 10. Bg5 Qd7 11. Nc3 dxe5 12. Nxe5 Nxe5 13. dxe5 Bb4 
14. Ne2 O-O 15. Qb3 Be7 16. Bxe7 Qxe7 17. Nd4 Rac8 18. Qe3 Qb4 19. f4 Qxb2 
20. f5 Rc3 21. Qg5 Rc4 22. Nxe6 fxe6 23. fxe6 Rcf4 24. g3 Qb6+ 25. Kg2 Rf2+ 
26. Rxf2 Rxf2+ 27. Kh1 Qxe6 28. Rd1 Rf8 29. Qe3 b6 30. Qd4 Rd8 31. Kg2 h6 
32. Rd2 Kh7 33. Qd3+ Kh8 34. Qd4 Re8 35. Re2 Rf8 36. Rf2 Re8 37. Re2 Kg8 
38. Qa4 Rf8 39. Qd4 Rf5 40. g4 Rf8 41. Rd2 Kh8 42. Kg3 Re8 43. Re2 Rc8 
44. h3 Rc4 45. Qf2 Kg8 46. Qf5 Rc3+ 47. Kg2 Qxf5 48. gxf5 d4 49. Re4 Rc5 
50. e6 Kf8 51. Rxd4 Rxf5 52. Rd8+ Ke7 53. Rd7+ Kxe6 54. Rxa7 Ra5 55. Rxg7 Rxa2+ 
56. Kf3 Kf5 57. Rf7+ Kg6 58. Rd7 Rb2 59. Rd5 Rb3+ 60. Kf4 Rb1 61. h4 Rf1+ 
62. Kg4 Rf6 63. h5+ Kf7 64. Re5 Re6 65. Rd5 Kf6 66. Rb5 Rc6 67. Kf4 Ke6 
68. Rb1 Kd6 69. Kf5 Kc7 70. Rb2 Kb7 71. Rb1 Rd6 72. Rb2 Kc6 73. Rc2+ Kb5 
74. Rg2 Kc5 75. Rc2+ Kb5 76. Rg2 Kc6 77. Rc2+ Kb7 78. Rb2 Rc6 79. Rb1 Kb8 
80. Rb2 Kc7 81. Rb1 Kd7 82. Rd1+ Ke8 83. Rb1 Ke7 84. Rb2 Rf6+ 85. Ke5 Kf7 
86. Rb1 Rc6 87. Rb2 Rc5+ 88. Kd4 Rc6 89. Ke5 Ke7 90. Kf5 Rf6+ 91. Ke5 Rd6 
92. Kf5 Kd7 93. Rb1 Kd8 94. Rb2 Kc8 95. Rb1 Kb7 96. Rb2 Kc6 97. Rc2+ Kb5 
98. Rg2 Kc4 99. Rg6 Kd5 100. Rxd6+ Kxd6 101. Kg6 Ke6 102. Kxh6 Kf7 103. Kg5 b5 
104. Kf4 b4 
1/2-1/2

[Event "34th Chess Olympiad (men)"]
[Site "Istanbul"]
[Date "2000.11.01"]
[Round "5.11.1"]
[White "Nataf, Igor-Alexandre"]
[Black "Kozul, Zdenko"]
[WhiteElo "2526"]
[BlackElo "2611"]
[WhiteCountry "FRA"]
[BlackCountry "CRO"]
[Result "0-1"]

1. e4 c5 2. Nf3 d6 3. d4 cxd4 4. Nxd4 Nf6 5. Nc3 Nc6 6. Bg5 e6 7. Qd2 a6 
8. O-O-O Bd7 9. f4 b5 10. Bxf6 gxf6 11. Kb1 Qb6 12. Nxc6 Bxc6 13. Qe1 Ra7 
14. Bd3 Rc7 15. f5 e5 16. Qh4 Be7 17. Qh6 b4 18. Nd5 Bxd5 19. exd5 a5 
20. Qg7 Rf8 21. Qxh7 Bd8 22. h4 a4 23. Qg7 b3 24. cxb3 axb3 25. a3 Qf2 
26. Qg4 Ke7 27. Qb4 Rh8 28. h5 Ra7 29. g4 Bb6 30. Qxb3 Rb8 31. h6 Raa8 
32. Qc2 Qf4 33. h7 Bc5 34. Qc4 Qf2 35. Qc2 Qf4 36. Ka2 Qb4 37. Ba6 Rxa6 
38. Rd3 Rh8 39. Rb3 Qd4 40. Rb7+ Kf8 41. Qb3 Rb6 42. Rxb6 Bxb6 43. g5 fxg5 
44. f6 Bd8 45. a4 Bxf6 46. a5 e4 47. a6 Kg7 48. Qb7 e3 49. a7 Qa4+ 50. Kb1 Qe4+ 
0-1

[Event "34th Chess Olympiad (men)"]
[Site "Istanbul"]
[Date "2000.11.01"]
[Round "5.11.3"]
[White "Hauchard, Arnaud"]
[Black "Cvitan, Ognjen"]
[WhiteElo "2539"]
[BlackElo "2541"]
[WhiteCountry "FRA"]
[BlackCountry "CRO"]
[Result "1/2-1/2"]

1. c4 g6 2. g3 Bg7 3. Bg2 Nf6 4. Nc3 O-O 5. e3 c5 6. Nge2 Nc6 7. a3 d6 
8. d3 Qd7 9. O-O b6 10. Bd2 Bb7 11. Nd5 e6 
1/2-1/2

[Event "34th Chess Olympiad (men)"]
[Site "Istanbul"]
[Date "2000.11.01"]
[Round "5.12.1"]
[White "Svetushkin, Dmitry"]
[Black "Fedorov, Alexei"]
[WhiteElo "2472"]
[BlackElo "2646"]
[WhiteCountry "MDA"]
[BlackCountry "BLR"]
[Result "1/2-1/2"]

1. e4 c5 2. Nf3 Nc6 3. d4 cxd4 4. Nxd4 e5 5. Nb5 d6 6. N1c3 a6 7. Na3 b5 
8. Nd5 Nce7 9. c4 Nxd5 10. exd5 bxc4 11. Nxc4 Nf6 12. Be3 Rb8 13. a4 Ng4 
14. Bd2 Qd7 15. Be2 Be7 16. O-O O-O 17. a5 Nf6 18. Nb6 Qf5 19. f4 Bd8 
20. fxe5 Bxb6+ 21. axb6 Qxe5 22. Bf4 Qe7 23. Bg5 Rxb6 24. Qd4 Rb8 25. Bxa6 Qe5 
26. Qxe5 dxe5 27. Bxf6 gxf6 
1/2-1/2

[Event "34th Chess Olympiad (men)"]
[Site "Istanbul"]
[Date "2000.11.01"]
[Round "5.12.2"]
[White "Aleksandrov, Aleksej"]
[Black "Sanduleac, Vasile"]
[WhiteElo "2591"]
[BlackElo "2438"]
[WhiteCountry "BLR"]
[BlackCountry "MDA"]
[Result "1-0"]

1. d4 d6 2. Nf3 Bg4 3. e4 Nf6 4. Nc3 c6 5. h3 Bxf3 6. Qxf3 Nbd7 7. Be3 Qa5 
8. O-O-O e6 9. Kb1 d5 10. e5 Ng8 11. g4 Ne7 12. Qg3 b5 13. f4 Nb6 14. Bd3 Nc4 
15. Ne2 c5 16. dxc5 Nc6 17. Nc1 Be7 18. h4 Qc7 19. h5 f6 20. exf6 Bxf6 
21. Bxc4 bxc4 22. c3 Rb8 23. Bd4 O-O 24. Ne2 Bxd4 25. Nxd4 Nxd4 26. Rxd4 Qxc5 
27. h6 gxh6 28. g5 Qe7 29. Rxh6 e5 30. Qe1 Qa3 31. Rh2 exd4 32. Qe6+ Rf7 
33. g6 hxg6 34. Qxg6+ Rg7 35. Qe6+ Rf7 36. Qe5 Rxb2+ 37. Rxb2 dxc3 38. Qg5+ Rg7 
39. Rb8+ 
1-0

[Event "34th Chess Olympiad (men)"]
[Site "Istanbul"]
[Date "2000.11.01"]
[Round "5.13.2"]
[White "Hoffman, Alejandro"]
[Black "Hansen, Lars"]
[WhiteElo "2491"]
[BlackElo "2562"]
[WhiteCountry "ARG"]
[BlackCountry "DEN"]
[Result "1/2-1/2"]

1. c4 Nf6 2. Nf3 c6 3. b3 d5 4. Bb2 e6 5. g3 Bd6 6. Bg2 O-O 7. O-O Nbd7 
8. d4 Ne4 9. Qc2 Qe7 10. Ne5 f5 11. e3 Nxe5 12. dxe5 Bc5 13. Qe2 a5 14. f3 Ng5 
15. Nc3 Ba7 16. Kh1 Bd7 17. Rad1 Rfd8 18. Nb1 b5 19. cxb5 cxb5 20. Na3 b4 
21. Nc2 Qe8 22. Rf2 Rdc8 23. Nd4 Rc7 24. Qd2 h6 25. h4 Nf7 26. f4 h5 
27. Rc1 Rac8 28. Rff1 Nh6 29. Bf3 Ng4 30. Kg2 Bb5 31. Rfe1 Bxd4 32. Bxd4 Rc6 
33. Bb2 Ba6 34. Bd4 Qd7 35. Bb2 Qb7 36. Rxc6 Rxc6 37. Rc1 Rxc1 38. Qxc1 Qb5 
39. Bd4 a4 40. Qd1 axb3 41. axb3 Kh7 42. Qb1 Kh6 43. Qd1 Qc6 44. Qb1 Bb5 
45. Qd1 Qa6 46. Qd2 Bd3 47. Kg1 Qb5 48. Bd1 Kh7 49. Bf3 Kg6 50. Bd1 Kh6 
51. Bf3 Kg6 52. Bd1 Kh7 53. Bf3 Be4 54. Be2 Qa5 55. Bd1 Qa3 56. Kf1 Qa6+ 
57. Kg1 Qb5 58. Be2 Qa5 59. Bd1 Qb5 
1/2-1/2

[Event "34th Chess Olympiad (men)"]
[Site "Istanbul"]
[Date "2000.11.01"]
[Round "5.13.3"]
[White "Hansen, Sune"]
[Black "Soppe, Guillermo"]
[WhiteElo "2545"]
[BlackElo "2471"]
[WhiteCountry "DEN"]
[BlackCountry "ARG"]
[Result "1-0"]

1. e4 Nf6 2. e5 Nd5 3. d4 d6 4. Nf3 dxe5 5. Nxe5 g6 6. Bc4 c6 7. O-O Bg7 
8. Re1 O-O 9. Bb3 Be6 10. h3 Nd7 11. Nf3 Nc7 12. c4 Nb6 13. Qe2 a5 14. a4 Ne8 
15. Rd1 Nc8 16. Ba2 Ned6 17. Nc3 Nf5 18. Ne4 b6 19. Neg5 Bd7 20. g4 Nh6 
21. Ne5 Be8 22. Bf4 Kh8 23. Qf3 Na7 24. c5 e6 25. Qe3 Ng8 26. Nc4 Nc8 
27. cxb6 Nxb6 28. Nxb6 Qxb6 29. Bd6 Nf6 30. Bxf8 Bxf8 31. Bc4 Bg7 32. b3 Rd8 
33. Rac1 Kg8 34. Nf3 Nd5 35. Bxd5 Rxd5 36. Rd3 Bf8 37. Rdc3 Ba3 38. R1c2 Bb4 
39. Rc4 Bd6 40. Ne5 Bb4 41. Nxc6 Bxc6 42. Rxc6 Qxd4 43. Qxd4 Rxd4 44. Kg2 g5 
45. Ra6 Rd7 46. Re2 h6 47. Re5 Rd3 48. Ra7 Kg7 49. Re3 Rd8 50. Rf3 Rf8 
51. Rd3 Kg6 52. Rdd7 Bc3 53. Rac7 Bb4 54. Rb7 Bc3 55. Rdc7 Bd2 56. Kf1 f5 
57. Rg7+ Kf6 58. gxf5 exf5 59. Rgd7 Bc3 60. Rd6+ Ke5 61. Rxh6 Rd8 62. Rb5+ Kf4 
63. Rc6 Rd1+ 64. Kg2 Bd4 65. Rc2 Ke4 66. Rxa5 f4 67. Re2+ Kd3 68. Kf3 Rh1 
69. Ra2 Rxh3+ 70. Kg4 Rh2 71. Rxg5 Kc3 72. Rb5 
1-0